000 00777nam a2200205Ii 4500
003 JO-AjNU
008 230605s9999||||xx |||||||||||||| ||und||
040 _aJO-AjNU
_bara
_erda
_cJO-AjNU
041 _aara
050 1 4 _aK3442.M4222.2004
100 3 _a محارب ، علي جمعة ,
_eauthor
_925754
245 0 0 _aالتأديب الإداري في الوظيفة العامة : دراسة مقارنة في النظام العراقي والمصري والفرنسي والانجليزي
250 _aط1
264 3 1 _aعمان : دار الثقافة ، 2004
300 _a652ص
336 _atext
_btxt
_2rdacontent
337 _aunmediated
_bn
_2rdamedia
338 _avolume
_bnc
_2rdacarrier
650 4 _aالتأديب الاداري في الوظيفة
_925755
999 _aA9674
_c13242
_d13242